000 02276cam a22005655a 4500
001 16339946
003 Nust- CAS-E
005 20180118181358.0
008 100719s2008 gw a b 001 0 eng
010 _a 2010281247
015 _aGBA791376
_2bnb
015 _a08,A35,0839
_2dnb
015 _a07,N47,0949
_2dnb
016 7 _a014276883
_2Uk
016 7 _a986184756
_2DE-101
020 _a9783527408412
020 _a352740841X
035 _a(OCoLC)ocn181069650
040 _aUKM
_beng
_cUKM
_dOHX
_dYDXCP
_dOCLCQ
_dBTCTA
_dBAKER
_dGA0
_dVRC
_dSZR
_dHEBIS
_dDEBBG
_dOCL
_dDLC
042 _aukblcatcopy
_alccopycat
050 0 0 _aTJ810
_b.V68 2008
082 0 4 _a621.47
_222
_bVOS 2008
084 _a530
_2sdnb
084 _aUX 2000
_2rvk
084 _aZP 3700
_2rvk
084 _aZP 3720
_2rvk
084 _aZP 4300
_2rvk
100 1 _aVos, Alexis de.
245 1 0 _aThermodynamics of solar energy conversion /
_cAlexis de Vos.
260 _aWeinheim :
_bWiley-VCH,
_cc2008.
300 _axiii, 192 p. :
_bill. ;
_c25 cm.
504 _aIncludes bibliographical references and index.
505 0 _aRadiation -- The solar system -- Thermodynamical engines -- Wind energy creation -- Photohtermal conversion -- Photovoltaic conversion -- Hybrid conversion -- Multicolor conversion -- Chemical reactions -- Photosynthesis.
650 0 _aSolar energy.
650 0 _aThermodynamics.
650 0 _aDirect energy conversion.
650 6 _aÉnergie
_xConversion directe.
650 6 _aThermodynamique.
650 6 _aÉnergie
_xConversion.
650 6 _aÉnergie solaire.
650 0 7 _aSonnenenergie.
_2swd
650 0 7 _aEnergieumwandlung.
_2swd
650 0 7 _aNichtgleichgewichtsthermodynamik.
_2swd
856 4 1 _3Table of contents
_uhttp://bvbr.bib-bvb.de:8991/F?func=service&doc_library=BVB01&doc_number=016381302&line_number=0001&func_code=DB_RECORDS&service_type=MEDIA
856 4 1 _3Inhaltsverzeichnis
_uhttp://www.gbv.de/dms/ilmenau/toc/548682208.PDF
856 4 2 _qtext/html
_uhttp://deposit.d-nb.de/cgi-bin/dokserv?id=3018803&prov=M&dok_var=1&dok_ext=htm
_3Inhaltstext
906 _a7
_bcbc
_ccopycat
_d2
_encip
_f20
_gy-gencatlg
942 _2ddc
_cBK
999 _c355340
_d355340